Parameters of the normal heart // Parameters of the normal heart. - (Аutopsy data) (Запись № 3942849)
[ простой вид ]
| 000 -МАРКЕР | |
|---|---|
| контрольное поле | 01374nam1a2200289 i 4500 |
| 001 - ИДЕНТИФИКАТОР ЗАПИСИ | |
| контрольное поле | RU\NLR\b_ik\198056 |
| 005 - ИДЕНТИФИКАТОР ВЕРСИИ | |
| контрольное поле | 20260406011534.0 |
| 035 ## - ДРУГИЕ СИСТЕМНЫЕ НОМЕРА | |
| Идентификатор записи | (NLR Aleph) 002270436 |
| 100 ## - ДАННЫЕ ОБЩЕЙ ОБРАБОТКИ | |
| Данные общей обработки | 20121025g20119999u y0rusy50 ba |
| 101 0# - ЯЗЫК РЕСУРСА | |
| Язык текста, звукозаписи и т.д. | английский |
| 102 ## - СТРАНА ПУБЛИКАЦИИ ИЛИ ПРОИЗВОДСТВА | |
| Страна публикации | российская федерация |
| 105 ## - ПОЛЕ КОДИРОВАННЫХ ДАННЫХ: ТЕКСТОВЫЕ МАТЕРИАЛЫ, МОНОГРАФИЧЕСКИЕ | |
| Кодированные данные о монографическом текстовом документе | ||||z ||||| |
| 200 1# - ЗАГЛАВИЕ И СВЕДЕНИЯ ОБ ОТВЕТСТВЕННОСТИ | |
| Основное заглавие | Parameters of the normal heart |
| Первые сведения об ответственности | Leo A. Bockeria, Osman A. Makhachev, Marina S. Panova [et al.] |
| 210 ## - ПУБЛИКАЦИЯ, РАСПРОСТРАНЕНИЕ И ДР. | |
| Место издания, распространения и т.д. | Moscow |
| Имя издателя, распространителя и т. д. | Bakoulev scientific centre for cardiovascular surgery |
| Дата издания, распространения и т.д. | 2011 |
| 215 ## - ФИЗИЧЕСКАЯ ХАРАКТЕРИСТИКА | |
| Размеры | 29 |
| 463 #1 - УРОВЕНЬ ФИЗИЧЕСКОЙ ЕДИНИЦЫ | |
| Встроенное поле | 001RU\NLR\b_ik\192675 |
| -- | 2001#$a(Аutopsy data) |
| Идентификатор связанной записи | RU\NLR\b_ik\192675 |
| Системный номер (АБИС) связанной записи | 3873045 |
| Место публикации | Б. м. |
| Дата публикации | 2011 |
| Физическая характеристика | 129 с. |
| Заглавие | Parameters of the normal heart. - (Аutopsy data) |
| ISBN | 978-5-7982-0275-1 |
| 541 0# - ПЕРЕВОД ЗАГЛАВИЯ, СДЕЛАННЫЙ КАТАЛОГИЗАТОРОМ | |
| Заглавие | Параметры нормального сердца |
| Язык заглавия | русский |
| 606 1# - НАИМЕНОВАНИЕ ТЕМЫ КАК ПРЕДМЕТ | |
| Наименование темы | Сердце |
| Тематический подзаголовок | Топографическая анатомия |
| Системный номер авторитетной/нормативной записи | 1684060 |
| Идентификатор авторитетной/нормативной записи | RU\NLR\AUTH\661046636 |
| 686 1# - ИНДЕКСЫ ДРУГИХ КЛАССИФИКАЦИЙ | |
| Индекс | Р457.345.01-4 |
| 700 #1 - ИМЯ ЛИЦА - ПЕРВИЧНАЯ ОТВЕТСТВЕННОСТЬ | |
| Код отношения | Автор |
| Материалы, к которым относится поле | rus |
| Графика поля | Латинская |
| Начальный элемент ввода | Bokerija |
| Часть имени, кроме начального элемента ввода | L. A. |
| Даты | 1939- |
| Расширение инициалов личного имени | Leonid Antonovič |
| Идентификатор авторитетной/нормативной записи | RU\NLR\AUTH\77117012 |
| Системный номер авторитетной/нормативной записи | 99937 |
| 701 #1 - ИМЯ ЛИЦА - АЛЬТЕРНАТИВНАЯ ОТВЕТСТВЕННОСТЬ | |
| Код отношения | Автор |
| Материалы, к которым относится поле | rus |
| Графика поля | Латинская |
| Начальный элемент ввода | Machačev |
| Часть имени, кроме начального элемента ввода | O. A. |
| Даты | 1952- |
| Расширение инициалов личного имени | Osman Abdulmalikovič |
| Идентификатор авторитетной/нормативной записи | RU\NLR\AUTH\77117014 |
| Системный номер авторитетной/нормативной записи | 99939 |
| 701 #1 - ИМЯ ЛИЦА - АЛЬТЕРНАТИВНАЯ ОТВЕТСТВЕННОСТЬ | |
| Код отношения | Автор |
| Материалы, к которым относится поле | rus |
| Графика поля | Латинская |
| Начальный элемент ввода | Panova |
| Часть имени, кроме начального элемента ввода | M. S. |
| Дополнения к именам, кроме дат | врач-кардиолог |
| Расширение инициалов личного имени | Marina Stanislavovna |
| Идентификатор авторитетной/нормативной записи | RU\NLR\AUTH\77117017 |
| Системный номер авторитетной/нормативной записи | 99942 |
| 801 #0 - ИСТОЧНИК ЗАПИСИ | |
| Страна | российская федерация |
| Организация | NLR |
| Дата составления | 20121025 |
| Правила каталогизации | RCR |
| 852 ## - МЕСТОНАХОЖДЕНИЕ И ШИФР ХРАНЕНИЯ | |
| Идентификатор организации | NLR |
| Наименование фонда или коллекции (Sub-Location Identifier) | Ик |
| Шифр хранения (Call Number) | 2011-8/260 |
| 942 ## - ДОПОЛНИТЕЛЬНЫЕ ЭЛЕМЕНТЫ ЗАПИСИ (АБИС) | |
| Тип экземпляра АБИС | Книга |
Нет доступных экземпляров.